| 000 | 00603nam a2200205 a 4500 | ||
|---|---|---|---|
| 005 | 20240228064003.0 | ||
| 008 | 090601s2000 mx r 000 0 spa d | ||
| 020 | _a8478644229 | ||
| 035 | _aUPN01000170831 | ||
| 049 | _aI | ||
| 050 | 4 |
_aPZ71 _bS2.76 |
|
| 100 | 1 |
_aSánchez, Mireia _936217 |
|
| 245 | 1 | 0 |
_aSobre la arena / _cMireia Sánchez ; il. Pau Estrada. |
| 260 |
_aBarcelona, Esp. : _bCombel, _cc2000. |
||
| 300 |
_a22 p. : _bprincipalmente il. col. |
||
| 440 | 0 |
_aCaballo alado. _pAl paso |
|
| 650 | 4 |
_aLibros y lectura para niños _92290 |
|
| 700 | 1 |
_aEstrada, Pau, _eil. |
|
| 905 | _aInfantil | ||
| 999 |
_c142936 _d142936 |
||